Jüngste Staatsoberhäupter Quiz - Statistiken

Allgemein
  • Dieses Quiz wurde 30 mal gespielt
  • Das Durchschnittsergebnis liegt bei 6 aus 15
Antwortstatistiken
Name Land Geburtsdatum % Korrekt
Kim Jong-un Nordkorea 8. Januar 1984
89%
Vjosa Osmani Kosovo 17. Mai 1982
50%
Jakov Milatović Montenegro 7. Dezember 1986
50%
Assimi Goïta Mali 9. November 1983
43%
Ibrahim Traoré Burkina Faso 14. März 1988
39%
Paetongtarn Shinawatra Thailand 31. August 1985
39%
Mahamat Déby Tschad 5. April 1984
39%
Tamim bin Hamad Al Thani Katar 3. Juni 1980
36%
Nayib Bukele El Salvador 24. Juli 1981
32%
Gabriel Boric Chile 11. Februar 1986
29%
Bassirou Diomaye Faye Senegal 25. März 1980
29%
Mamady Doumbouya Guinea 4. März 1980
25%
Daniel Noboa Ecuador 30. November 1987
21%
Dalibor Riccardi San Marino 4. September 1983
21%
Irfaan Ali Guyana 25. April 1980
7%
Keine übereinstimmenden Quizze gefunden
Verteilung der Resultate
Anzahl Personen mit jedem Resultat
Perzentil nach korrekt beantworteten Fragen
Ihre Resultats-Entwicklung
Sie haben dieses Quiz noch nicht gespielt